00493nam a2200169Ia 4500003000900000008004100009020001800050040001600068080001500084245008200099260004100181300001000222650004100232650001400273650001300287700002300300IN-BaIIA211028s9999 xx 000 0 eng d a0-8008-1925-X cIIA Library a524.8bCOS 0aCosmology nowcedited by Laurie John  aNew YorkbTaplinger Publishingc1976 a168p. aAstronomy and astrophysics thesaurus aCosmology aUniverse aJohn, Laurie., ed.